000 00814nam a22002532 4500
001 0000020356
005 20151217152212.0
008 110913s xx 000 0 eng d
020 _a8131211519 :
040 _aKABU
_cKABU
245 1 0 _aMoroney's surgery for nurses /
_cedited by Chintamani, Elsa Sanatombi Devi.
250 _a17th ed.
260 _aNoida, India :
_bElsevier India,
_c2008.
300 _avii, 372 p.
650 0 _aSurgical nursing.
_@0000179839
650 0 _aOperations, Surgical.
_@0000180567
650 0 _aSurgery, Operative
_xNursing.
_@0000180568
700 1 _aChintamani.
_@0000180569
700 1 _aDevi, Elsa Sanatombi.
_@0000180570
852 1 _9p2095 KES
908 _a110913
950 _@1
999 _c9281
_d9281